La novedad y los problemas de la historiografía en el Perú Andino /
Guardat en:
| Autor principal: | |
|---|---|
| Format: | Desconegut |
| Idioma: | Spanish |
| Matèries: | |
| Etiquetes: |
Afegir etiqueta
Sense etiquetes, Sigues el primer a etiquetar aquest registre!
|
MARC
| LEADER | 000000000a22000000004500 | ||
|---|---|---|---|
| 001 | 001959 | ||
| 041 | 0 | |a spa | |
| 100 | 1 | |a Rowe, William | |
| 245 | 1 | 3 | |a La novedad y los problemas de la historiografía en el Perú Andino / |c William Rowe. |
| 310 | |a semestral | ||
| 650 | 4 | |a LITERATURA LATINOAMERICANA | |
| 650 | 4 | |a LITERATURA PERUANA | |
| 650 | 4 | |a SIGLO XX | |
| 650 | 4 | |a HISTORIA | |
| 773 | 0 | |x 0798-958-X |d Venezuela : Universidad Simón Bolívar |t Estudios: Revista de Investigaciones Literarias y Culturales |g volumen 5, número 10 (1997), páginas 103-112 | |
| 942 | |c ARC | ||
| 999 | |c 9748 |d 9748 | ||
